UEFA Champions League Winners If a Club Could Only Win It Once - Statistics

General Stats
  • This quiz has been taken 62 times
  • The average score is 48 of 68
Answer Stats
Season Club Country % Correct
1957-58 AC Milan Italy
98%
1955-56* Real Madrid Spain
98%
1963-64* Internazionale Italy
96%
1996-97* Borussia Dortmund Germany
94%
1972-73 Juventus FC Italy
92%
1966-67* Celtic FC Scotland
90%
1973-74* FC Bayern Munich West Germany
90%
2003-04 Chelsea FC England
88%
1992-93 Rangers FC Scotland
88%
2022-23 SSC Napoli Italy
88%
1968-69 AFC Ajax Netherlands
86%
1983-84 AS Roma Italy
86%
1991-92* FC Barcelona Spain
86%
1986-87* FC Porto Portugal
86%
2004-05 Olympique Lyonnais France
86%
1960–61* SL Benfica Portugal
86%
2013-14 Manchester City England
84%
1994-95 Paris Saint-Germain France
84%
1971-72 Arsenal FC England
82%
1967-68* Manchester United England
82%
1999-00 Valencia CF Spain
82%
2021-22 FC Red Bull Salzburg Austria
80%
2010-11 FC Schalke 04 Germany
80%
2019-20 RB Leipzig Germany
80%
2008-09 Atlético Madrid Spain
78%
1990-91* Crvena Zvezda Yugoslavia
78%
1998-99 Dynamo Kyiv Ukraine
78%
1969-70* Feyenoord Netherlands
78%
1988-89 Galatasaray SK Turkey
78%
1964-65 Liverpool FC England
78%
1987-88* PSV Eindhoven Netherlands
76%
1981-82* Aston Villa FC England
73%
2020-21 Atalanta BC Italy
73%
1993-94 AS Monaco FC France
71%
1978-79* Nottingham Forrest England
71%
2017-18 Sevilla FC Spain
71%
1997-98 Bayer 04 Leverkusen Germany
69%
1979-80 Hamburger SV West Germany
69%
1985-86* Steaua București Romania
69%
1976-77 Borussia Mönchengladbach West Germany
67%
1989-90 Olympique de Marseille France
67%
1956-57 ACF Fiorentina Italy
65%
2001-02 AC Sparta Prague Czechia
65%
1959–60 Eintracht Frankfurt West Germany
65%
2014-15 Shakhtar Donetsk Ukraine
65%
1974-75 Leeds United England
63%
2016-17 Leicester City England
63%
1958–59 Stade de Reims France
63%
2015-16 VfL Wolfsburg Germany
63%
2002-03 Newcastle United England
61%
2000-01 Deportivo La Coruña Spain
59%
1984-85 FC Girondins de Bordeaux France
59%
2007-08 Fenerbahçe SK Turkey
59%
1975-76 AS Saint-Étienne France
57%
1995-96 FC Nantes France
57%
2018-19 Tottenham Hotspur FC England
57%
2009-10 CSKA Moscow Russia
55%
2006-07 Lille OSC France
55%
1970-71 Panathinaikos FC Greece
55%
2011-12 APOEL FC Cyprus
53%
1980-81 CSKA Sofia Bulgaria
53%
2012-13 Málaga CF Spain
53%
2005-06 Villarreal CF Spain
53%
1965-66 FK Partizan Yugoslavia
51%
1977-78 Club Brugge KV Belgium
39%
1961–62 Standard Liège Belgium
31%
1962–63 Dundee FC Scotland
16%
1982-83 Widzew Łódź Poland
10%
No matching quizzes found
Score Distribution
Percent of People with Each Score
Percentile by Number Answered
Your Score History
You have not taken this quiz